| 000 | 00398nam a2200157Ia 4500 | ||
|---|---|---|---|
| 008 | 230312s9999||||xx |||||||||||||| ||und|| | ||
| 020 | _a10 0 7619 6480 | ||
| 082 |
_a001.42 _bQUA |
||
| 100 | _aBauer Martin W. ed . | ||
| 245 | 0 | _aQualitative Researching with Image and Sound | |
| 260 |
_bSAGE Publications _aLondon _c1988 |
||
| 300 | _a374 | ||
| 546 | _aEng. | ||
| 650 | _aManagement | ||
| 942 | _cBK | ||
| 999 |
_c3327 _d3327 |
||